000 00815nam a2200253Ia 4500
003 OSt
005 20220923222738.0
006 a|||||r|||| 00| 0
007 ta
008 220922b |||||||| |||| 00| 0 hin d
024 _a207,375
037 _cTextual
040 _aARTS
_cARTS
_bhin
041 _2hin
_ahin
082 _aO152,3M611,SR, M3
100 _aखत्री, दुर्गाप्रसाद
245 0 _aसुवर्ण रेखा
246 _aSuvarṇa rekhā
260 _aवाराणसी
_b लहरी प्रका0
_c1983
300 _a180पृ.
_ccm.
650 _aहिन्दी साहित्य
_9156264
942 _hO152,3M611,SR, M3
_cTEXL
_2CC
999 _c357992
_d357992